Statistics for Name the country that the Discord member lives in - Random

Click here to take the quiz!

General Stats

  • This quiz has been taken 128 times
  • The average score is 14 of 20

Answer Stats

UserAnswer% Correct
ClumsyChook13Australia
100%
VickyBrazil
100%
BotsCanada
100%
AnnaFrance
100%
GyruleFrance
100%
SameerIndia
100%
TwelveIsrael
100%
AdriMexico
100%
JapGamingRussia
100%
DanstormSerbia
100%
OvertiredUnited Kingdom
100%
FeynmanUnited Kingdom
100%
IzraUnited Kingdom
100%
AJBUnited Kingdom
100%
EmrayUnited Kingdom
100%
SammyboiUnited Kingdom
100%
AlexUnited Kingdom
100%
FrogUnited States
100%
PotatoeUnited States
100%
AugerdUnited States
100%
LitheoTheDragonUnited States
100%
JoshUnited States
100%
ArnavUnited States
100%
Orang_hutanUnited States
100%
NikhazUnited States
100%
VortexUnited States
100%
AyaanUnited States
100%
ShipatackUnited States
100%
BlackoutfrfrUnited States
100%
MDawg396United States
100%
AbbyUnited States
100%
DimeiUnited States
100%
EytanMelechUnited States
100%
MacacoUnited States
100%
Milsh5keCanada
67%
DogDeeDerFrance
50%
KoroKiraFrance
50%
Dug28United States
50%
TPDAustralia
33%
YaramyMexico
33%
RaweArgentina
0%
FarNeo 2Australia
0%
HawkAustralia
0%
HibasiAustria
0%
lele20Austria
0%
RPHXXAustria
0%
NateAustria
0%
StefBelgium
0%
JpedrocmBrazil
0%
MattmanCanada
0%
SpaincountryballCanada
0%
RGCanada
0%
TinaCanada
0%
EestiPallCanada
0%
CyberEgypt
0%
HDkananagitsEstonia
0%
PullasorsaFinland
0%
PenguinishFinland
0%
PoirotFrance
0%
PifegerFrance
0%
ElboyFrance
0%
Rin ShibuyaGermany
0%
FranzGermany
0%
TOPGermany
0%
Swat KunIndia
0%
NeongenesisXpItaly
0%
JasperJordan
0%
VakoMexico
0%
NillesNetherlands
0%
ValhallaNetherlands
0%
Yesse03Netherlands
0%
Simon1006Netherlands
0%
LoyalNew Zealand
0%
TNMNorway
0%
Jetpunker180Pakistan
0%
SexyPakistan
0%
YtpOPoland
0%
RoxyPoland
0%
AjnoRussia
0%
EnzoSri Lanka
0%
GassuSwitzerland
0%
AngboTaiwan
0%
BreadUnited Arab Emirates
0%
StewartUnited Kingdom
0%
PeppyPenguinUnited Kingdom
0%
FuseUnited Kingdom
0%
MiaUnited Kingdom
0%
0wner (Ollie)United States
0%
Maximirb13United States
0%
MuskoxUnited States
0%
VerticalPiUnited States
0%
UGUnited States
0%
CementSandwichUnited States
0%
LuniUnited States
0%
TheLetter4United States
0%
FormaggioUnited States
0%
Kamata-KizzleUnited States
0%
SealsiUnited States
0%
7ozUnited States
0%
InteropiaUnited States
0%
NINJAQKkUnited States
0%
TacoJohn1267United States
0%
Rjo4 (Ryan)United States
0%
SagarisUnited States
0%
Dictator TalUnited States
0%
RedLightningUnited States
0%
AmanUnited States
0%
ShadywyvernUnited States
0%
Commie BeensUnited States
0%
Devvik2United States
0%
TommyUnited States
0%

Score Distribution

Percentile by Number Answered

Percent of People with Each Score

Your Score History

You have not taken this quiz